Down among the moles (Record no. 84432)

MARC details
000 -LEADER
fixed length control field 00697cab a22001935a 4500
001 - CONTROL NUMBER
control field L157690
008 - FIXED-LENGTH DATA ELEMENTS--GENERAL INFORMATION
fixed length control field 130305e20130309xxk 000 0 eng d
035 ## - SYSTEM CONTROL NUMBER
System control number (Sirsi) u157690
041 0# - LANGUAGE CODE
Language code of text/sound track or separate title eng
100 1# - MAIN ENTRY--PERSONAL NAME
Personal name King, Vivien
245 00 - TITLE STATEMENT
Title Down among the moles
260 ## - PUBLICATION, DISTRIBUTION, ETC.
Date of publication, distribution, etc. 2013
490 ## - SERIES STATEMENT
Series statement Estates Gazette
Volume/sequential designation (1309) 2 March 2013, 84-86(2)
520 ## - SUMMARY, ETC.
Summary, etc. Gives the legal position for expansion downwards in residential and commercial properties. Includes what a neighbour should do when hearing of a proposed subterranean development, party wall legislation and material planning decisions.
590 ## - LOCAL NOTE (RLIN)
Local note KA
690 ## - LOCAL SUBJECT ADDED ENTRY--TOPICAL TERM (OCLC, RLIN)
Topical term or geographic name as entry element Planning and development
9 (RLIN) 6259
700 1# - ADDED ENTRY--PERSONAL NAME
Personal name Audsley, James
942 ## - ADDED ENTRY ELEMENTS (KOHA)
Suppress in OPAC 0
Holdings
Withdrawn status Lost status Source of classification or shelving scheme Damaged status Not for loan Home library Current library Shelving location Date acquired Total Checkouts Full call number Barcode Date last seen Copy number Price effective from Koha item type
    Dewey Decimal Classification     London London Journal article 05/03/2013   L157690 157690-1001 06/08/2019 1 06/08/2019 Journal article